000 01614nam a2200361 i 4500
001 bg
003 BPK
005 20191016080520.0
008 080404s2007 pl a |100 0 pol
015 _aPB 2009/10482
020 _a9788373651340
040 _aWA N
_cBPK
041 0 _apol
_beng
080 _a621.7
080 _a621.01
080 _a(06)
111 2 _aKonferencja Studentów i Młodych Pracowników Nauki Wydziału Mechanicznego
_n(4 ;
_d2007 ;
_cKoszalin).
245 1 0 _aMateriały IV Konferencji Studentów i Młodych Pracowników Nauki Wydziału Mechanicznego :
_bXXIX Tydzień Kultury Studenckiej, 8-13 maj 2007 /
_cpod red. Marka Fligla, Leona Kukiełki ; Politechnika Szczecińska. Wydział Mechaniczny [et al.].
260 _aKoszalin :
_bWydawnictwo Uczelniane Politechniki Koszalińskiej,
_c2007.
300 _a118 s. :
_bil. ;
_c24 cm.
504 _aBibliogr. przy ref.
546 _aStreszcz. ang. przy ref. Spis treści także ang.
650 4 _aTechnologia
650 4 _aMechanika stosowana
655 4 _aMateriały konferencyjne
711 2 _aTydzień Kultury Studenckiej
_n(29 ;
_d2007 ;
_cKoszalin).
710 2 _aPolitechnika Koszalińska.
_bWydawnictwo Uczelniane.
_4pbl.
700 1 _aFligiel, Marek
_eRedakcja
700 1 _aKukiełka, Leon
_d(1951- )
_eRedakcja
856 _uhttp://koha.tu.koszalin.pl/cgi-bin/koha/opac-detail.pl?biblionumber=55098
_yKatalog online BPK
856 _uhttp://dlibra.tu.koszalin.pl/dlibra/docmetadata?id=458&from=&dirids=1&ver_id=&lp=6&QI=
_yBiblioteka Cyfrowa
942 _2UKD
_cKS
999 _c55098
_d55098